000 00706nam a2200217 a 4500
001 000432700
003 AM-YEHGA
005 20250618080113.0
008 060216s1982 nyu|||||r|||||||||1|eng|d
020 _a093510206X
040 _aAM-YeHGA
041 1 _aeng
_harm
100 1 _aԶարյան,Կոստան Քրիստափորի,
_d1885-1969
_98912
245 1 0 _aBancoop & the Bones of the Mammoth /
_cGostan Zarian ; Selected & translated by Ara Baliozian.
260 _aNew York, N.Y. :
_bAshod Press,
_c1982.
300 _axxii, 115 p.
650 1 4 _aՀայ գրականություն
700 1 _aԲալիոզյան, Արա,
_d1936-2019
_4trl
_eթարգմ․
942 _2udc
_cBK
090 _c565125
999 _c527148
_d527148